000 00269nam a2200109Ia 4500
008 220204s9999 xx 000 0 und d
082 _a032
_bBAR
100 _aBarker, E
245 0 _aPrinciples of social and political theory
260 _aDelhi
_bOUP
_c1978
942 _cBK
999 _c36010
_d36010